| 000 | 00741cam a22002534a 4500 | ||
|---|---|---|---|
| 001 | 12719829 | ||
| 005 | 20180302040932.0 | ||
| 008 | 020326s2003 mau b 001 0 eng | ||
| 010 | _a 2002004847 | ||
| 020 | _a0631230580 | ||
| 020 | _a0631230599 | ||
| 040 |
_aDLC _cDLC _dDLC |
||
| 041 | _aeng | ||
| 042 | _apcc | ||
| 080 | _a305.26 | ||
| 082 | 0 | 0 |
_a305.26 GUB _221 |
| 100 | _a50 | ||
| 101 | _aSOC | ||
| 245 | 0 | 0 |
_aWays of aging / _cedited by Jaber F. Gubrium and James A. Holstein. |
| 504 | _aIncludes bibliographical references and index. | ||
| 906 |
_a7 _bcbc _corignew _d1 _eecip _f20 _gy-gencatlg |
||
| 942 |
_2ddc _cBK |
||
| 999 |
_c43952 _d43952 |
||